Asamblea Provincial de Turismo : [ponències i conclusions] [ponències i conclusions]
Descripción Física:
217 p., [2] map. pleg. ; 25 cm
Materias:
Turisme -- Congressos
MARC
| LEADER | 00000nam a2200000Ia 4500 | ||
|---|---|---|---|
| 001 | 1741 | ||
| 003 | BGR | ||
| 005 | 20260324175231.0 | ||
| 008 | 160829s1974 xx 000 0 cat d | ||
| 080 | |a C-2-15 | ||
| 111 | |9 70367 |a Asamblea Provincial de Turismo |c (Barcelona : |d 1974) | ||
| 245 | |a Asamblea Provincial de Turismo : |b [ponències i conclusions] | ||
| 260 | |a Barcelona : |b [Diputación Provincial de Barcelona], |c 1974 | ||
| 300 | |a 217 p., [2] map. pleg. ; |c 25 cm | ||
| 590 | |a Conté el Reglament orgànic de les assemblees provincials de turisme | ||
| 650 | |a Turisme |x Congressos |9 22325 | ||
| 710 | 1 | |a Barcelona (Catalunya : Província). |b Diputació |9 52408 | |
| 901 | |a Arxiu | ||
| 942 | |n 1 |2 udc |c MON | ||
| 952 | |0 0 |1 0 |4 0 |6 C215 |7 1 |9 42169 |a Arxiu |b Arxiu |d 2016-12-01 |l 0 |o C-2-15 |p 1741 |r 2016-12-01 00:00:00 |w 2016-12-01 |y ARXIU | ||
| 999 | |c 44616 |d 44616 | ||